Gaming Quiz

Random Gaming Quiz
Score 0/30 Timer 06:00
0 Plays Today
Names Missing Name % Correct
____ Widow, ____ Ship (event)Ghost
88.7%
____ Witch, Nemesis ____ HulkWar
86.8%
Envoy of ____, Carnival of ____Shadows
84.9%
____ Luck, ____caseHard
71.7%
Psimon ____, ____ Team (Vanguard)Omega
71.7%
Marcus ____, Alexis ____Cole
62.3%
Bird ____ (badge), Dark ____Watcher
60.4%
Marshal ____, ____ Monday (lore)Brass
56.6%
____ Salvatore, ____ the GlintDesdemona
56.6%
____ Hess, ____ RodriguezErnesto
54.7%
Stefan ____, Monica ____Richter
52.8%
Melanie ____, Stephanie ____Peebles
52.8%
Jim ____, Tavish ____Bell
49.1%
____ Chung, ____ DarqueOlivia
45.3%
____ Montoya, ____ EmmetJake
43.4%
Names Missing Name % Correct
Michael ____, ____ PlainsWhite
37.7%
Sean ____, Detective ____Fish
37.7%
Pia _____, Paolo ____Marino
34%
Susan ____, Rick ____Davies
32.1%
Matt ____, Detective ____Miller
32.1%
Justine ____, ____ NemmersKelly
32.1%
Chance ____, Ashley ____McKnight
32.1%
Martin ____, ____ DumontHenri
26.4%
Gaiman ____, Kirsten ____Woods
24.5%
Janet ____, Valerie ____Kellum
22.6%
Gregor ____, Mount ____ (landmark)Richardson
18.9%
Professor ____, Virginia ____Hoffman
18.9%
Maggie ____, Justin ____Greene
17%
____ Pierce, ____ O'ReillySamuel
13.2%
____ Fields, ____ ReynoldsGeorgia
13.2%
Remove Ads.
Support Sporcle.
Get the best of Sporcle when you Go Orange. This ad-free experience offers more features, more stats, and more fun while also helping to support Sporcle. Thank you for becoming a member.

You're not logged in!

Compare scores with friends on all Sporcle quizzes.
OR
Log In

Show Comments

Extras

Created Nov 23, 2010SourceReportNominate

Top Quizzes Today


Score Distribution

Your Account Isn't Verified!

In order to create a playlist on Sporcle, you need to verify the email address you used during registration. Go to your Sporcle Settings to finish the process.

Report this User

Report this user for behavior that violates our Community Guidelines.

Details: